| 000 | 00736nam a2200253Ia 4500 | ||
|---|---|---|---|
| 003 | OSt | ||
| 005 | 20221005083136.0 | ||
| 006 | a|||||r|||| 00| 0 | ||
| 007 | ta | ||
| 008 | 221004b |||||||| |||| 00| 0 eng d | ||
| 020 |
_a9788174766434 (hbk) _c395 |
||
| 024 | _a116424 | ||
| 037 |
_b180, 22/01/2012, Standard Book House _cTextual |
||
| 040 |
_aCRL _cCRL _beng |
||
| 041 |
_2eng _aeng |
||
| 082 | _aQ8441, P9 | ||
| 100 | _aDuggal K. S. | ||
| 245 | 0 | _aMystique of Sikhism | |
| 260 |
_aNew Delhi _bUBS Publishers Distributors Pvt. Ltd. India _c2009 |
||
| 300 |
_a89p. _ccm. |
||
| 650 | _aRELIGION | ||
| 942 |
_hQ8441, P9 _cTEXL _2cc |
||
| 999 |
_c990378 _d990378 |
||